Misiones para Chihuahua (Record no. 890)

MARC details
000 -CABECERA
campo de control de longitud fija 00534nam a2200181 a 4500
001 - NÚMERO DE CONTROL
campo de control BRCA_1009
005 - FECHA Y HORA DE LA ÚLTIMA TRANSACCIÓN
campo de control 20190320203236.0
008 - DATOS DE LONGITUD FIJA--INFORMACIÓN GENERAL
campo de control de longitud fija 000000s2004 mx-a---###---#000-0#spa-u
020 ## - NÚMERO INTERNACIONAL ESTÁNDAR DEL LIBRO
Número Internacional Estándar del Libro 968575618X
050 #4 - SIGNATURA TOPOGRÁFICA DE LA BIBLIOTECA DEL CONGRESO
Número de clasificación F1261
Número de documento/Ítem .B37
-- 2004
100 1# - ENTRADA PRINCIPAL--NOMBRE DE PERSONA
Nombre de persona Bargellini, Clara
9 (RLIN) 2612
245 10 - MENCIÓN DE TÍTULO
Título Misiones para Chihuahua
Mención de responsabilidad, etc. Clara Bargellini.
260 ## - PUBLICACIÓN, DISTRIBUCIÓN, ETC.
Lugar de publicación, distribución, etc. México
Nombre del editor, distribuidor, etc. Grupo Cemento de Chihuahua
Fecha de publicación, distribución, etc. 2004
300 ## - DESCRIPCIÓN FÍSICA
Extensión 174 p.
Otras características físicas il. a color
Dimensiones 33 cm.
505 0# - NOTA DE CONTENIDO CON FORMATO
Nota de contenido con formato Bibliografía: p. 173-174
651 #4 - PUNTO DE ACCESO ADICIONAL DE MATERIA--NOMBRE GEOGRÁFICO
Nombre geográfico Chihuahua (México)
Subdivisión general Historia
9 (RLIN) 3324
942 ## - ELEMENTOS DE PUNTO DE ACCESO ADICIONAL (KOHA)
Fuente del sistema de clasificación o colocación Library of Congress Classification
Tipo de ítem Koha Libros
Holdings
Estado de retiro Estado de pérdida Estado dañado No para préstamo Localización permanente Ubicación/localización actual Fecha de adquisición Total de préstamos Signatura topográfica completa Código de barras Fecha visto por última vez Precio válido a partir de Tipo de ítem Koha
El ejemplar forma parte de la colección y puede ser consultado según las políticas vigentes.       Biblioteca del Museo Franz Mayer (Rogerio Casas-Alatriste) Biblioteca del Museo Franz Mayer (Rogerio Casas-Alatriste) 26/06/2008   F1261 .B37 2004 01502 22/03/2019 22/03/2019 Libros